[Event "V Abierto Ciudad de Dos Hermanas"]
[Site "?"]
[Date "2006.04.02"]
[Round "4"]
[White "Barrero Garcia, C."]
[Black "Khamrakulov, I."]
[Result "0-1"]
[WhiteElo "2302"]
[BlackElo "2499"]
[PlyCount "56"]
[EventDate "2006.03.30"]
[SourceDate "2006.03.30"]

1. d4 Nf6 2. c4 e6 3. Nf3 b6 4. g3 Ba6 5. b3 Bb4+ 6. Bd2 Be7 7. Bc3 O-O 8. Bg2
d5 9. Ne5 Bb7 10. O-O Nbd7 11. Nxd7 Qxd7 12. Nd2 Rfd8 13. Qc2 c5 14. Rfd1 Rac8
{Diagrama #} 15. Qb2 (15. dxc5) 15... dxc4 16. Bxb7 Qxb7 17. bxc4 (17. Nxc4 b5
18. Na5 Qb6 19. dxc5 Bxc5 20. e3 Nd5 $17) 17... cxd4 18. Bxd4 Qd7 19. Nf3 Qa4
$15 20. Ne5 Ne4 21. Qb5 (21. Qb3) 21... Nc3 22. Qxa4 Nxa4 $17 23. Rac1 f6 24.
Nf3 Ba3 25. Rb1 Rxc4 26. Rd3 Be7 27. Rbd1 Rdc8 28. Kg2 e5 0-1

[Event "V Abierto Ciudad de Dos Hermanas"]
[Site "?"]
[Date "2006.04.02"]
[Round "4"]
[White "Lalic, B."]
[Black "Rodriguez Aguilera, A."]
[Result "1-0"]
[WhiteElo "2488"]
[BlackElo "2231"]
[PlyCount "57"]
[EventDate "2006.03.30"]
[SourceDate "2006.03.30"]

1. d4 Nf6 2. c4 d6 3. Nf3 Bg4 4. Nc3 Nbd7 5. d5 e5 6. dxe6 Bxe6 7. e4 Be7 8.
Nd4 O-O 9. Be2 Nc5 10. f3 a5 11. O-O c6 12. Be3 Re8 13. Qd2 a4 14. Rab1 Bf8 15.
Rfd1 Qc7 16. b4 axb3 17. axb3 d5 $2 18. b4 Na4 (18... Na6 19. b5 Nc5 20. cxd5
cxd5 21. b6 Qe7 22. Nxe6 fxe6 23. Bb5 Red8 24. e5 Nfd7 25. Bg5 $18) 19. Nxa4
Rxa4 20. cxd5 Bxd5 (20... cxd5 21. Bb5) (20... Bd7 21. dxc6 bxc6 22. Rdc1 $16)
21. exd5 Nxd5 22. Bf2 Bxb4 23. Qc2 Nc3 {Diagrama #} 24. Bc4 $2 (24. Rd3) 24...
b5 $2 (24... Nxb1 25. Rxb1 (25. Qxa4 Nc3 26. Qxb4 Nxd1 27. Bg3 Qe7) 25... Rea8)
25. Re1 Rea8 26. Rxb4 Rxb4 27. Bd3 Nd5 28. Nxc6 Qf4 29. Nxb4 1-0

[Event "V Abierto Ciudad de Dos Hermanas"]
[Site "?"]
[Date "2006.04.02"]
[Round "4"]
[White "Carretero Ortiz, F."]
[Black "Handke, F."]
[Result "0-1"]
[WhiteElo "2183"]
[BlackElo "2474"]
[PlyCount "50"]
[EventDate "2006.03.30"]
[SourceDate "2006.03.30"]

1. Nc3 c5 2. Nf3 Nc6 3. d4 cxd4 4. Nxd4 a6 5. Bg5 Qa5 6. Nxc6 bxc6 7. Qd2 Rb8
8. e4 (8. Rb1) 8... Rxb2 9. Nd1 Rb4 10. Bd3 e6 11. O-O Nf6 12. Nb2 Qc7 {
Diagrama #} 13. Nc4 (13. Bxf6 gxf6 14. Rab1) 13... Nxe4 14. Bxe4 Rxc4 15. Bd3
Rb4 16. Qc3 f6 17. Bxf6 gxf6 18. Qxf6 Rg8 19. Bxh7 Be7 20. Bg6+ Kd8 21. Qf7 Rf8
22. Qg7 Rf5 23. g3 Rf3 24. Bh5 Rf5 25. Be2 Qa7 0-1

[Event "V Abierto Ciudad de Dos Hermanas"]
[Site "?"]
[Date "2006.04.02"]
[Round "4"]
[White "Arroyo Benito, A."]
[Black "Teran Alvarez, I."]
[Result "0-1"]
[WhiteElo "1939"]
[BlackElo "2446"]
[PlyCount "88"]
[EventDate "2006.03.30"]
[SourceDate "2006.03.30"]

1. Nf3 c5 2. c4 Nf6 3. d3 e6 4. g3 Nc6 5. Bg2 d5 6. O-O Be7 7. b3 O-O 8. Bb2 d4
9. Re1 e5 10. Nbd2 h6 11. Nf1 Bf5 12. Nh4 Bh7 13. Bxc6 bxc6 14. Nf3 Bd6 15. e4
Nd7 16. Nh4 Re8 17. Bc1 Bf8 {Diagrama #} 18. f4 $2 (18. Qh5) (18. Qf3) 18...
exf4 19. Ng2 fxg3 20. Nxg3 Bd6 21. Qf3 Ne5 22. Qf1 Qd7 23. Bf4 Qg4 24. Bxe5
Bxe5 25. Qf2 h5 26. Nf1 Re6 27. Qe2 Qxe2 28. Rxe2 f5 29. Nd2 Bc7 30. Rae1 Rae8
31. e5 g5 32. Nf3 g4 33. Ng5 Rxe5 34. Rxe5 Rxe5 35. Rxe5 Bxe5 36. Nxh7 Kxh7 37.
Nh4 f4 38. Nf5 f3 39. Kh1 Bf6 40. a4 Kg6 41. Nd6 h4 42. Kg1 Bg5 43. Nb7 g3 44.
Nxc5 Be3+ 0-1

[Event "V Abierto Ciudad de Dos Hermanas"]
[Site "?"]
[Date "2006.04.02"]
[Round "4"]
[White "Zambrana, O."]
[Black "Justiniano Marquez, M."]
[Result "1-0"]
[WhiteElo "2405"]
[BlackElo "2171"]
[PlyCount "45"]
[EventDate "2006.03.30"]
[SourceDate "2006.03.30"]

1. e4 d6 2. d4 Nf6 3. Nc3 c6 4. f4 Qa5 5. Bd2 Qb6 6. Nf3 Bg4 7. Na4 Qc7 8. h3
Bxf3 9. Qxf3 d5 10. Nc3 e6 11. Bd3 Bb4 (11... Qb6) 12. e5 Nfd7 {Diagrama #} 13.
f5 $16 Nf8 14. O-O Bxc3 15. bxc3 exf5 16. Bxf5 Ne6 17. Bxe6 fxe6 18. Qh5+ g6
19. Qg4 Na6 (19... Qd7 20. Rf6) 20. Qxe6+ Qe7 21. Qg4 Nc7 22. Rf6 Rg8 23. Bh6
1-0

[Event "V Abierto Ciudad de Dos Hermanas"]
[Site "?"]
[Date "2006.04.02"]
[Round "4"]
[White "Milov, V."]
[Black "Reina Aguilar, M."]
[Result "1-0"]
[WhiteElo "2638"]
[BlackElo "2052"]
[PlyCount "33"]
[EventDate "2006.03.30"]
[SourceDate "2006.03.30"]

1. d4 d5 2. c4 e6 3. Nc3 c6 4. e3 Nf6 5. Nf3 Bd6 6. g4 Nxg4 7. Rg1 Nf6 (7... f5
8. h3 Nf6 9. Rxg7 Kf8 10. Rg1 Rg8 11. Rxg8+ Kxg8 12. Bd2 Bd7 13. Qc2 Ne4 14.
Nxe4 fxe4 15. Ne5 Be8 16. Bc3 Nd7 17. f4 exf3 18. Nxf3 Qf6 19. Qg2+ Kh8 20.
O-O-O Bh5 21. Be2 Rg8 22. Qh1 Qf5 23. Rg1 Bg6 24. Ne1 Qb1+ 25. Kd2 Bb4 26. Nd3
Bxc3+ 27. Kxc3 Qxa2 28. Nb4 Qa5 29. Ra1 Qb6 30. Qh2 c5 31. Nd3 cxd4+ 32. exd4
dxc4 33. Nc5 e5 34. Nxd7 Qb3+ 35. Kd2 Qxb2+ {
0-1 Lasinskas,P-Konopka,M/Germany 2005/EXT 2006 (35).}) 8. Rxg7 Rg8 9. Rxg8+
Nxg8 10. e4 dxe4 11. Nxe4 $14 {Diagrama #} Be7 12. Qc2 Qa5+ (12... Nd7) 13. Bd2
Qf5 14. Be2 $16 Nd7 15. O-O-O Nb6 (15... Ndf6) 16. Rg1 Kf8 17. Ne5 1-0

[Event "V Abierto Ciudad de Dos Hermanas"]
[Site "?"]
[Date "2006.04.02"]
[Round "4"]
[White "Peña Dieguez, M."]
[Black "Krivoshey, S."]
[Result "0-1"]
[WhiteElo "2041"]
[BlackElo "2553"]
[PlyCount "26"]
[EventDate "2006.03.30"]
[SourceDate "2006.03.30"]

1. Nf3 d5 2. d4 Nf6 3. Bf4 c5 4. c3 Nc6 5. Nbd2 cxd4 6. cxd4 Qb6 7. Qb3 Nxd4 {
Diagrama #} 8. Qa4+ $2 (8. Nxd4 Qxd4 9. e3) 8... Nc6 9. Ne5 Bd7 10. Nxd7 Nxd7
11. Nf3 e5 12. Bxe5 Ndxe5 13. Nxe5 Qb4+ 0-1

[Event "V Abierto Ciudad de Dos Hermanas"]
[Site "?"]
[Date "2006.04.02"]
[Round "4"]
[White "Neelotpal, D."]
[Black "Vela Ignacio, J."]
[Result "1-0"]
[WhiteElo "2512"]
[BlackElo "2034"]
[PlyCount "49"]
[EventDate "2006.03.30"]
[SourceDate "2006.03.30"]

1. e4 c5 2. Nf3 Nc6 3. Bb5 g6 4. c3 Nf6 5. e5 Nd5 6. O-O Bg7 7. Re1 O-O 8. d4
Qb6 $2 (8... cxd4 9. cxd4 d6) 9. Bc4 $16 e6 (9... Nc7 10. d5 Na5 11. Be2 Na6 (
11... d6 12. b4 cxb4 13. Be3) 12. Nbd2 $18) 10. Bxd5 exd5 11. dxc5 Qxc5 12. Na3
Re8 13. Be3 Qa5 14. Bf4 d6 15. exd6 Bg4 16. Qb3 Bxf3 17. gxf3 {Diagrama #} Ne5
$2 (17... d4) 18. Re3 Qc5 19. Rd1 Qxd6 20. Rxd5 Nxf3+ 21. Rxf3 Qe6 22. Bg3 Qh3
23. Re5 Rxe5 24. Qxf7+ Kh8 25. Qxg7+ 1-0

[Event "V Abierto Ciudad de Dos Hermanas"]
[Site "?"]
[Date "2006.04.02"]
[Round "4"]
[White "Caruana, F."]
[Black "Cheparinov, I."]
[Result "1/2-1/2"]
[WhiteElo "2409"]
[BlackElo "2625"]
[PlyCount "92"]
[EventDate "2006.03.30"]
[SourceDate "2006.03.30"]

1. e4 e6 2. d4 d5 3. Nc3 Bb4 4. e5 c5 5. a3 Bxc3+ 6. bxc3 Nc6 7. Nf3 Qa5 8. Bd2
Qa4 9. Qb1 c4 10. h4 Bd7 11. h5 h6 12. g3 O-O-O 13. Bh3 Nge7 14. O-O Rdg8 15.
Qd1 Kb8 16. Ra2 Nc8 17. Nh4 Nb6 18. Qf3 Be8 19. Qe2 Bd7 20. Kh2 Qa5 21. g4 Na4
22. f4 Qd8 23. Ng2 g6 24. f5 gxf5 25. gxf5 exf5 26. Bxf5 Bxf5 27. Rxf5 Rg7 28.
Rf6 Qb6 29. e6 fxe6 30. Rxe6 a6 31. Ra1 Qc7+ 32. Kh1 Ka7 33. Rg6 Rxg6 34. hxg6
Qg3 35. Nf4 Nxc3 (35... Qh4+ 36. Qh2 Qf6) 36. Qg2 Qxg2+ 37. Kxg2 Ne4 38. Be3 {
Diagrama #} Ne7 39. Rh1 Rg8 40. Rxh6 Nf5 41. Rh3 Ng5 42. Rh5 Nxe3+ 43. Kf2 Ng4+
44. Kg3 Ne6 45. Nxe6 Rxg6 46. Nf4 Rg8 1/2-1/2

[Event "V Abierto Ciudad de Dos Hermanas"]
[Site "?"]
[Date "2006.04.02"]
[Round "4"]
[White "Alexandrova, O."]
[Black "Epishin, V."]
[Result "1/2-1/2"]
[WhiteElo "2372"]
[BlackElo "2553"]
[PlyCount "85"]
[EventDate "2006.03.30"]
[SourceDate "2006.03.30"]

1. d4 Nf6 2. c4 e6 3. Nf3 b6 4. e3 Bb7 5. Bd3 d5 6. Nc3 Be7 7. O-O O-O 8. cxd5
exd5 9. b3 Nbd7 10. Bb2 Re8 11. Qc2 a6 12. Ne5 Nf8 13. Ne2 c5 14. Ng3 Rc8 15.
Qe2 b5 16. Bf5 Rc7 17. Rac1 Bd6 18. Ng4 Nxg4 19. Qxg4 c4 $15 20. bxc4 dxc4 21.
e4 (21. d5) 21... Bxg3 {Diagrama #} 22. hxg3 $2 (22. Qxg3 Bxe4 23. Rfe1 Rce7
24. d5 f6 (24... g6 25. Qc3) 25. d6 Bxf5 26. dxe7 Rxe7 $11) 22... b4 $19 23.
Rcd1 g6 24. d5 c3 25. Bc1 h5 26. Qf4 gxf5 27. exf5 f6 28. d6 Rf7 29. Qxb4 Qc8
30. Rd4 c2 (30... Qc6 31. f3 Re2) 31. Qb3 Be4 32. Rc4 Qa8 (32... Qxf5) 33. Rc7
{Diagrama #} Bd5 $6 (33... Nd7 $19) 34. Qxc2 Bxg2 35. f3 $1 Rxc7 (35... Bxf1
36. Qb3 Ne6 37. Rxf7 Kxf7 38. Kxf1 Qc6 39. fxe6+ Rxe6 40. Ba3 $11) 36. Qxc7 Rc8
37. Kxg2 (37. Qe7 Re8 (37... Bxf1 38. Bh6) 38. Qc7 $11) 37... Rxc7 38. dxc7 Nd7
39. Bf4 Kf7 40. Rc1 Nb6 41. Rb1 Qe8 42. Rxb6 Qe2+ 43. Kg1 1/2-1/2

[Event "V Abierto Ciudad de Dos Hermanas"]
[Site "?"]
[Date "2006.04.02"]
[Round "4"]
[White "Vila Gazquez, X."]
[Black "Matamoros, C."]
[Result "1/2-1/2"]
[WhiteElo "2317"]
[BlackElo "2510"]
[PlyCount "69"]
[EventDate "2006.03.30"]
[SourceDate "2006.03.30"]

1. e4 e5 2. Nf3 Nc6 3. Bb5 Nf6 4. O-O Nxe4 5. d4 Nd6 6. Bxc6 dxc6 7. dxe5 Ne4
8. Qxd8+ Kxd8 9. Rd1+ Ke8 10. Nbd2 Nxd2 11. Bxd2 c5 12. Bg5 Be6 13. Nd2 h6 14.
Bh4 Be7 15. Bxe7 Kxe7 16. Ne4 b6 17. f4 Bf5 18. Re1 Rhd8 19. Kf2 Rd4 20. Kf3
Rad8 21. Rac1 g5 22. fxg5 Bxe4+ 23. Rxe4 hxg5 24. Re2 Ke6 25. Kg3 Rf4 26. Rce1
a5 27. Re3 Rd5 28. R1e2 a4 29. h3 b5 30. Rf3 Rdd4 31. Rxf4 Rxf4 {Diagrama #}
32. Rf2 Re4 (32... Rxf2 33. Kxf2 Kxe5 34. Ke3 c4 35. c3 f5 36. g3 Kf6 37. Kf3
c5 38. a3) 33. Rf6+ Kxe5 34. Rxf7 Rc4 35. Rf2 1/2-1/2

[Event "V Abierto Ciudad de Dos Hermanas"]
[Site "?"]
[Date "2006.04.02"]
[Round "4"]
[White "Colovic, A."]
[Black "Korneev, O."]
[Result "1/2-1/2"]
[WhiteElo "2459"]
[BlackElo "2649"]
[PlyCount "113"]
[EventDate "2006.03.30"]
[SourceDate "2006.03.30"]

1. d4 Nf6 2. c4 e6 3. Nc3 Bb4 4. Qc2 O-O 5. e4 d5 6. e5 Ne4 7. Bd3 c5 8. cxd5
exd5 9. Nge2 Nc6 10. O-O Nxd4 11. Nxd4 cxd4 12. Nxe4 dxe4 13. Bxe4 h6 14. Bf4
Qb6 15. Qb3 Re8 16. Qf3 Bf8 17. b3 a5 18. Rad1 a4 19. Rd3 axb3 20. axb3 Ra3 21.
Rb1 Rd8 22. h3 Be6 23. Kh2 Ra2 {Diagrama #} 24. Bxh6 $2 Ra5 $2 (24... f5 25.
Bxf5 (25. exf6 gxh6 $17) 25... Bxf5 26. Qxf5 Qxh6 $17) (24... gxh6 25. Qf6 Bd6
26. exd6 Qxd6+ 27. Rg3+ Kf8 28. Re1 $18) 25. Bg5 $16 Rd7 26. Qh5 $2 (26. Bf6
Be7 27. Qf4 (27. Qg3 Bxf6 28. exf6 g6) 27... Bxf6 28. exf6 g6 29. Qh6 Qd6+ 30.
f4 Qf8 31. Qxf8+ Kxf8 32. Rbd1 $18) 26... g6 27. Qf3 {Diagrama #} (27. Qh4 Rxe5
28. Bf6 Rh5 29. Qg3 Bf5 $19) 27... Rxe5 (27... f5 $1 28. exf6 Rxg5 $19) 28. Bf4
Rxe4 (28... Rb5 29. Qg3) 29. Qxe4 Bf5 30. Qf3 Bxd3 31. Qxd3 Bd6 32. Bxd6 Qxd6+
33. g3 Qd5 34. Rc1 Kg7 35. b4 Qa2 36. Kg2 Qb2 37. Rb1 Qa2 38. b5 b6 39. h4 Rd6
40. Re1 Qd5+ 41. Kg1 Qc5 42. Re4 Rd5 43. Rf4 f5 44. Kg2 Rd7 45. h5 Qd5+ 46. Kh2
Rd8 47. Kg1 Qe5 48. hxg6 Kxg6 49. Rg4+ Kf7 50. Rh4 Rd6 51. Qc4+ Qd5 52. Qc7+
Rd7 53. Rh7+ Ke6 54. Rh6+ Ke7 55. Rh7+ Ke6 56. Rh6+ Ke7 57. Rh7+ 1/2-1/2

[Event "V Abierto Ciudad de Dos Hermanas"]
[Site "?"]
[Date "2006.04.02"]
[Round "4"]
[White "Campora Sivori, D."]
[Black "Tissir, M."]
[Result "1-0"]
[WhiteElo "2541"]
[BlackElo "2444"]
[PlyCount "111"]
[EventDate "2006.03.30"]
[SourceDate "2006.03.30"]

1. e4 c5 2. Nf3 e6 3. d4 cxd4 4. Nxd4 Nf6 5. Bd3 Nc6 6. Nxc6 bxc6 7. O-O d5 8.
Nd2 Qc7 9. c4 Bd6 10. exd5 (10. h3 O-O 11. Qc2 dxe4 12. Bxe4 Nxe4 13. Nxe4 Be7
14. c5 e5 15. f4 Bf5 16. Be3 Rab8 17. Rad1 Rfe8 18. Nf6+ Bxf6 19. Qxf5 Rxb2 20.
Rd7 Qa5 21. Qe4 Qxa2 22. Qxc6 Rf8 23. fxe5 Bxe5 24. Re7 Rb1 25. Rexf7 Rxf1+ 26.
Rxf1 Bh2+ 27. Kxh2 Rxf1 28. Qd7 Rf7 29. Qd4 Qe6 30. Bf4 h6 31. Qa4 Rf6 32. Bg3
a6 33. Bd6 Qe2 34. Qb3+ Kh7 35. Qb1+ Rg6 36. Bg3 Qe3 37. Bd6 Qe2 38. Bg3 h5 39.
Qb7 Qd3 40. Bd6 a5 41. Qa8 Rg5 42. Qe8 Qd5 43. Qe2 a4 44. Qc2+ Rg6 45. h4 a3
46. Bg3 a2 47. Qb2 Ra6 {0-1 Ahmed,E-Vysochin,S/Cairo 2003/CBM 096 ext (47).})
10... Bxh2+ 11. Kh1 Bd6 12. Ne4 Nxe4 13. Bxe4 exd5 14. cxd5 Qe7 15. Kg1 O-O 16.
Re1 {Diagrama #} f5 $6 (16... Qh4 17. g3 Bxg3 18. fxg3 Qxg3+ 19. Bg2 Bh3 20.
Re2 Rae8 21. Bd2 Rxe2 22. Qxe2 cxd5 $11) 17. Bc2 (17. Bf3 $16) 17... Qh4 18. f4
Bc5+ (18... Rd8 19. Bb3 Kh8 $15) 19. Be3 Bxe3+ 20. Rxe3 Qxf4 21. Rc3 c5 22. Bb3
Bb7 23. Qd3 Rac8 24. Rac1 Kh8 25. Qf1 Qe5 26. Qf2 f4 27. Rxc5 Rce8 (27... Rxc5
28. Qxc5 Re8 $11) 28. Bd1 g5 29. Bf3 Bc8 30. d6 Qxd6 31. Rxg5 Bf5 32. Rc6 Qd8
33. Rh5 Be4 34. Rch6 Rf7 35. b3 {Diagrama #} Bxf3 $2 (35... Qd3) 36. Qb2+ Kg8
37. Rg6+ Kf8 38. Qh8+ Ke7 39. Re5+ Kd7 40. Rxe8 Qxe8 41. Rd6+ Kxd6 42. Qxe8 Bd5
43. Qd8+ Ke6 44. Qg5 f3 45. gxf3 Bxf3 46. Kf2 Be4+ 47. Ke3 Bg6 48. b4 Rd7 49.
Qc5 Kf7 50. a4 Kg7 51. b5 Rf7 52. a5 Kf6 53. a6 Rd7 54. b6 axb6 55. Qc6+ Ke7
56. Qxd7+ 1-0

[Event "V Abierto Ciudad de Dos Hermanas"]
[Site "?"]
[Date "2006.04.02"]
[Round "4"]
[White "Carlsson, P."]
[Black "Valencia Gomez, J."]
[Result "1-0"]
[WhiteElo "2430"]
[BlackElo "2030"]
[PlyCount "59"]
[EventDate "2006.03.30"]
[SourceDate "2006.03.30"]

1. e4 d6 2. d4 Nf6 3. Nc3 g6 4. f4 Bg7 5. Nf3 O-O 6. Bd3 Nbd7 7. e5 dxe5 8.
dxe5 Ne8 9. Bc4 e6 {Diagrama #} 10. h4 (10. f5 $5) 10... Qe7 11. h5 Nb6 12. Bd3
f5 13. hxg6 h6 (13... hxg6 14. Nh4 Qf7 15. g4) 14. Qe2 c6 15. Qf2 Nd5 16. Nxd5
cxd5 17. Be3 b6 18. O-O-O Nc7 19. Rh5 Bd7 20. g4 d4 21. Bd2 fxg4 22. Nh2 Bb5
23. Bxb5 Nxb5 24. Nxg4 Rfc8 25. Nf6+ Kf8 26. f5 Na3 27. c3 dxc3 28. Bxc3 Qb4
29. Rd3 Bxf6 30. fxe6 1-0

[Event "V Abierto Ciudad de Dos Hermanas"]
[Site "?"]
[Date "2006.04.02"]
[Round "4"]
[White "Illescas Cordoba, M."]
[Black "Fernandez Romero, E."]
[Result "1/2-1/2"]
[WhiteElo "2608"]
[BlackElo "2460"]
[PlyCount "160"]
[EventDate "2006.03.30"]
[SourceDate "2006.03.30"]

1. d4 d5 2. c4 c6 3. Nc3 Nf6 4. e3 a6 5. Qc2 g6 6. Bd3 Bg7 7. Nf3 O-O 8. O-O
Nbd7 9. cxd5 Nxd5 10. Nxd5 cxd5 11. Qb3 Nb8 12. Bd2 Nc6 13. Rfc1 Re8 14. Rc5 e6
15. Rac1 f5 16. Bf1 Ra7 17. Ne1 Bd7 18. Nd3 Bf8 19. R5c2 Bd6 20. Nc5 Qe7 21. a3
Rb8 22. g3 Raa8 23. Bg2 Nd8 24. Bb4 Bc6 25. Nd3 Bxb4 26. Nxb4 Rc8 27. Nd3 Nf7
28. Rc3 Qe8 29. h4 Nd6 30. Qd1 Bb5 31. Nf4 Rxc3 32. Rxc3 Rc8 33. Qc1 Bc6 34. b3
h6 35. a4 g5 36. hxg5 hxg5 37. Nd3 Nf7 38. b4 Bd7 39. a5 Rxc3 40. Qxc3 Bb5 41.
Nc5 Nd6 42. f3 Bc4 43. Qc1 e5 44. Qa1 e4 45. Kf2 exf3 46. Bxf3 Ne4+ 47. Bxe4
fxe4 48. Qh1 Kg7 49. g4 Qf7+ 50. Ke1 Bb5 51. Qg2 Qe7 52. Kd2 Qd6 53. Kc3 b6 54.
axb6 Qxb6 55. Qh2 Qf6 56. Qb8 Qf1 57. Qc7+ Kh6 58. Qd6+ Kh7 59. Qh2+ (59. Qxd5
Qc1+ $11) 59... Kg8 60. Qb8+ Kh7 61. Qc7+ Kh6 62. Qd6+ Kh7 63. Qe7+ Kg6 64.
Qe6+ Kg7 65. Qe5+ Kg6 66. Qd6+ Kh7 67. Qh2+ Kg8 68. Kd2 Qf7 69. Qg2 Kg7 70. Ke1
Qf6 71. Qh2 Qf1+ 72. Kd2 Kg8 73. Qb8+ Kh7 74. Qc7+ Kg6 75. Qh2 Qf6 76. Kc3 Qf1
77. Qh5+ Kf6 78. Qh6+ Kf7 79. Qh7+ Kf6 80. Qh6+ Kf7 {Diagrama #} 1/2-1/2

[Event "V Abierto Ciudad de Dos Hermanas"]
[Site "?"]
[Date "2006.04.02"]
[Round "4"]
[White "Castellanos, R."]
[Black "Biedma Martin, E."]
[Result "0-1"]
[WhiteElo "2467"]
[BlackElo "2287"]
[PlyCount "138"]
[EventDate "2006.03.30"]
[SourceDate "2006.03.30"]

1. e4 e5 2. Nf3 Nc6 3. Bb5 a6 4. Ba4 Nf6 5. O-O Be7 6. Re1 b5 7. Bb3 d6 8. c3
O-O 9. h3 Na5 10. Bc2 c5 11. d4 Qc7 12. d5 Bd7 13. Nbd2 c4 14. Nf1 Nb7 15. Ng3
g6 16. Nh2 Ne8 17. Be3 Ng7 18. Qd2 f6 19. f4 exf4 20. Bxf4 Nd8 21. Nf3 Nf7 22.
Rf1 Ne5 23. Nd4 Rfb8 24. Rf2 a5 25. a3 Qb7 26. Nge2 b4 27. Bh6 b3 28. Bd1 Nd3
29. Rf1 Ne8 30. Nf4 Ne5 31. h4 Nc7 32. Qe3 Bf8 33. Bxf8 Rxf8 34. Be2 Rae8 35.
Rf2 Qc8 36. Raf1 Qd8 37. Qg3 Kh8 38. h5 g5 39. h6 Bg4 40. Bxg4 gxf4 41. Rxf4
Rg8 42. Nc6 Nxc6 43. dxc6 Rg6 44. Qh4 Rf8 45. Bf5 Rg5 46. Bd7 Rg6 47. Rf5 Na6
48. Qf4 Qb6+ 49. Kh1 Nc5 50. Rh5 Nd3 51. Qxd6 Rfg8 52. g4 (52. Qd4 $18) 52...
Qe3 (52... Nf2+ 53. Kh2) 53. Qd4 Qxd4 54. cxd4 Nxb2 55. Bf5 (55. c7) 55... c3
56. Bxg6 Nd1 57. Rc5 c2 {Diagrama #} 58. e5 $4 (58. c7 $18) 58... hxg6 59. c7
b2 60. c8=Q Rxc8 61. Rxc8+ Kh7 62. exf6 c1=Q 63. Rxc1 bxc1=Q 64. f7 Qxh6+ 65.
Kg1 Qf8 66. Rxd1 Qxf7 67. d5 Qf3 68. Rd2 Qxa3 69. d6 Qc1+ 0-1

[Event "V Abierto Ciudad de Dos Hermanas"]
[Site "?"]
[Date "2006.04.03"]
[Round "5"]
[White "Khamrakulov, I."]
[Black "Caruana, F."]
[Result "0-1"]
[WhiteElo "2499"]
[BlackElo "2409"]
[PlyCount "92"]
[EventDate "2006.03.30"]
[SourceDate "2006.03.30"]

1. e4 e6 2. d4 d5 3. Nd2 Be7 4. c3 c5 5. exd5 Qxd5 6. Ngf3 cxd4 7. Bc4 Qh5 8.
Nxd4 Qxd1+ 9. Kxd1 a6 10. Re1 Nf6 11. a4 b6 12. Be2 Bb7 13. Bf3 Bxf3+ 14. N2xf3
O-O 15. Kc2 Nbd7 16. Nc6 Bc5 17. Be3 Rfc8 18. Bxc5 Rxc6 19. Bd4 Nd5 20. g3 Rac8
21. Kb3 f6 22. Rad1 Kf7 23. Be3 Rc4 {Diagrama #} 24. Bf4 $2 Rxc3+ $1 25. bxc3
Rxc3+ 26. Kb2 Rxf3 27. Be3 Ne5 28. Rd4 (28. Re2 Nc4+ 29. Kb3 Ncxe3 30. fxe3 f5
$17) 28... Nxe3 29. fxe3 Rf2+ 30. Kc3 b5 31. h4 (31. axb5 axb5 32. Rh1 Re2 33.
e4 Nf3) 31... Rg2 32. h5 Rxg3 33. Rd6 bxa4 34. Rxa6 f5 35. h6 gxh6 36. Rxa4 Kf6
37. Re2 Ng4 38. Kd2 h5 39. Ra7 h6 40. Ra8 h4 41. e4 f4 42. e5+ Nxe5 43. Rf8+
Nf7 44. Ke1 h3 45. Re4 e5 46. Kf2 h2 0-1

[Event "V Abierto Ciudad de Dos Hermanas"]
[Site "?"]
[Date "2006.04.03"]
[Round "5"]
[White "Dias, P."]
[Black "Milov, V."]
[Result "0-1"]
[WhiteElo "2370"]
[BlackElo "2638"]
[PlyCount "57"]
[EventDate "2006.03.30"]
[SourceDate "2006.03.30"]

1. d4 Nf6 2. c4 e6 3. Nf3 c5 4. d5 d6 5. Nc3 exd5 6. cxd5 g6 7. Nd2 Nbd7 8. e4
a6 9. a4 Qe7 10. Be2 {Diagrama #} g5 $5 11. Nc4 Rg8 12. O-O Ne5 13. Nb6 Rb8 14.
Rb1 Nfd7 15. Nxc8 Rxc8 16. Qc2 g4 17. Kh1 Qh4 18. Nd1 Nf3 19. Bf4 Qf6 20. gxf3
(20. Bxf3 Qxf4 21. Be2) 20... Qxf4 21. Qc1 Qe5 22. Qc3 gxf3 23. Bxf3 Qg5 24.
Qe3 Qg6 25. Nc3 Bh6 26. Qe2 Qf6 27. Rg1 Ke7 28. Bg4 Bf4 29. Bxd7 {Diagrama #}
0-1

[Event "V Abierto Ciudad de Dos Hermanas"]
[Site "?"]
[Date "2006.04.03"]
[Round "5"]
[White "Matamoros, C."]
[Black "Lopez Rodriguez, F."]
[Result "1-0"]
[WhiteElo "2510"]
[BlackElo "2153"]
[PlyCount "69"]
[EventDate "2006.03.30"]
[SourceDate "2006.03.30"]

1. c4 Nf6 2. g3 g6 3. Bg2 Bg7 4. Nc3 O-O 5. d4 d6 6. Nf3 Nbd7 7. O-O e5 8. e4
c6 9. b3 Re8 10. h3 a6 11. d5 c5 12. a3 b5 13. Nd2 b4 14. axb4 cxb4 15. Na4 Nc5
16. Nxc5 dxc5 17. Bb2 Qd6 18. Ra5 Bh6 19. Qe2 Nh5 20. Nf3 Ng7 21. Bc1 Bxc1 22.
Rxc1 Ra7 23. Ne1 Rc7 24. Nd3 f5 25. Qe3 fxe4 26. Bxe4 {Diagrama #} Nf5 (26...
Bxh3 27. Rxc5 Nf5 28. Bxf5 Bxf5 29. Rxc7 Qxc7 30. Nxb4 $16) 27. Bxf5 $18 gxf5
28. Re1 Rce7 29. Qxc5 Qh6 30. d6 Bb7 31. h4 Rg7 32. Rxe5 Rf8 33. Re7 Qh5 34.
Rxb7 Rxb7 35. Qd5+ 1-0

[Event "V Abierto Ciudad de Dos Hermanas"]
[Site "?"]
[Date "2006.04.03"]
[Round "5"]
[White "Tissir, M."]
[Black "Vega Gutierrez, B."]
[Result "1-0"]
[WhiteElo "2444"]
[BlackElo "2117"]
[PlyCount "71"]
[EventDate "2006.03.30"]
[SourceDate "2006.03.30"]

1. e4 e5 2. Nf3 Nc6 3. Bc4 Be7 4. O-O Nf6 5. d3 O-O 6. Re1 d6 7. c3 Na5 8. Bb5
a6 9. Ba4 b5 10. Bc2 c5 11. Nbd2 Re8 12. Nf1 h6 13. h3 Bf8 14. d4 Qc7 15. Ng3
g6 16. d5 c4 17. Nh2 h5 18. Bg5 Bg7 19. Qd2 Nb7 20. Rf1 Nc5 21. Rae1 Bb7 22.
Bh6 Bh8 23. Nf3 Ncd7 24. Nh4 Nf8 25. f4 exf4 26. Qxf4 Re7 27. Ngf5 Rd7 $2 (
27... gxf5 28. Qg5+ Ng6 (28... Kh7 29. e5 $18) 29. Nxg6 (29. exf5 Rxe1 30. Rxe1
Qc5+ 31. Kf1 Qxd5 32. fxg6 Qxg5 33. Bxg5 fxg6 34. Re7 $16) 29... fxg6 30. Qxg6+
Rg7 31. Qxf5 $14) 28. Qg3 Kh7 29. Bf4 $16 Ne8 30. Nf3 f6 31. e5 (31. N5d4)
31... dxe5 32. Rxe5 Qb6+ 33. Kh1 Rad8 (33... fxe5 34. Ng5+ Kg8 35. Nh6+ Kg7 36.
Bxe5+ Kxh6 37. Ne6 $18) 34. Ne7 fxe5 35. Ng5+ Kg7 36. Bxe5+ 1-0

[Event "V Abierto Ciudad de Dos Hermanas"]
[Site "?"]
[Date "2006.04.03"]
[Round "5"]
[White "Perez Garcia, R."]
[Black "Carlsson, P."]
[Result "1/2-1/2"]
[WhiteElo "2180"]
[BlackElo "2430"]
[PlyCount "57"]
[EventDate "2006.03.30"]
[SourceDate "2006.03.30"]

1. e4 c5 2. Nf3 d6 3. d4 Nf6 4. Nc3 cxd4 5. Nxd4 g6 6. Be3 Bg7 7. f3 O-O 8. Qd2
Nc6 9. Bc4 Bd7 10. O-O-O Rb8 11. Bb3 Na5 12. Bh6 Bxh6 13. Qxh6 b5 14. g4 b4 15.
Nd5 e6 16. Ne3 Kh8 17. Qg5 Nb7 18. h4 Ng8 19. Qxd8 Rbxd8 20. g5 h5 21. gxh6 Nf6
22. Ne2 Kh7 23. Ng3 Nh5 24. Nxh5 gxh5 25. Rhg1 Kxh6 26. f4 Bc6 27. f5 Nc5 28.
Rd4 Bxe4 29. fxe6 {Diagrama #} (29. fxe6 fxe6 30. Bxe6 Bxc2 31. Kxc2 Nxe6 32.
Rxb4 d5) 1/2-1/2

[Event "V Abierto Ciudad de Dos Hermanas"]
[Site "?"]
[Date "2006.04.03"]
[Round "5"]
[White "Rincon Bascon, J."]
[Black "Kononenko, T."]
[Result "0-1"]
[WhiteElo "2166"]
[BlackElo "2417"]
[PlyCount "74"]
[EventDate "2006.03.30"]
[SourceDate "2006.03.30"]

1. e4 e6 2. d4 d5 3. e5 c5 4. c3 Nc6 5. Nf3 Qb6 6. a3 c4 7. Nbd2 Na5 8. Rb1 Bd7
9. Be2 Ne7 10. b4 cxb3 11. Nxb3 Ba4 12. Nxa5 Qxa5 13. Qxa4+ Qxa4 14. Bb5+ Qxb5
15. Rxb5 b6 16. Ke2 Nc6 17. a4 Na5 18. Bf4 Be7 19. Nd2 Kd7 20. Rc1 Rhc8 21. Kd3
Rc6 22. Be3 Rac8 23. f4 a6 24. Rbb1 h5 25. g3 Bd8 26. h3 Nc4 {Diagrama #} 27.
Rb3 (27. Nxc4 Rxc4 28. Rb4) 27... Be7 28. Ke2 Bd8 29. g4 (29. Kd3) 29... hxg4
30. hxg4 Na5 31. Rbb1 Rxc3 32. Rh1 Ra3 33. Rh7 Rc2 34. Kd1 Rca2 35. Nf1 Nc4 36.
Bc1 Rd3+ 37. Ke1 b5 0-1